000 00586nam a2200229Ia 4500
003 OSt
005 20230620120652.0
008 210423s2010 xx 000 0 und d
020 _a978-81-7833-094-6
040 _cAL
041 _aeng
082 _a633.83
_223
_b NIIH
100 _aNIIR Board
_9107320
245 _aHandbook on spices
260 _aNew Delhi
_bAsian/Pacific Business Press
_c2010
300 _a416
_bPB
365 _b975
_cINR
650 _aAgriculture
_9107321
650 _aField & Plantation Crops
_9107322
906 _aHandbook ; spices
942 _2ddc
_cBK
999 _c166649
_d166649